000 00753nam a2200241Ia 4500
003 OSt
005 20220926011945.0
006 a|||||r|||| 00| 0
007 ta
008 220923b |||||||| |||| 00| 0 eng d
037 _cGeneral Book
040 _aRTL
_cRTL
_beng
041 _2eng
_aeng
082 _aX:8:(B2893), J7
100 _aMarting Elizabeth Ed.
245 0 _aOperations research applied
_b New uses and extensi
260 _aNew York
_bAmerican Management Association U. S. A.
_c1957
300 _a174p.
_ccm.
500 _aAmerican Management Association, Special Refport. 17.
650 _aOperational Management
942 _hX:8:(B2893), J7
_cGB
_2CC
999 _c621353
_d621353